000 01098nam a2200217Ii 4500
003 JO-AjNU
008 230605s9999||||xx |||||||||||||| ||und||
017 _a2008/7949
040 _aJO-AjNU
_bara
_erda
_cJO-AjNU
041 _aara
050 1 4 _aHQ1729.5 .M85 2008
100 3 _aملتقى دور المرأة العربية في التنمية المستدامة ومؤسسات المجتمع المدني (2008 : الدوحة) المنظمة العربية للتنمية الادارية,
_eauthor
_932893
245 0 0 _a المرأة والوظيفة العامة في الخليج العربي : بحوث وأوراق عمل
264 3 1 _aالقاهرة: المنظمة العربية للتنمية الادارية، 2008
300 _a159ص
_bيحتوي ببلوغرافية من ص 158-159ص
336 _atext
_btxt
_2rdacontent
337 _aunmediated
_bn
_2rdamedia
338 _avolume
_bnc
_2rdacarrier
490 0 _aاعمال مؤتمرات
650 4 _aالمرأة العاملة - دول الخليج العربية - أحوال اجتماعية - مؤتمرات 
_932894
999 _aA13331
_c16899
_d16899